00270nam a22001097a 4500003000400000020001800004082001400022100003500036245004900071260003200120300000800152SGT a9788197439599 a301bS24T a ठाकुर, रघु  aसमस्या और समाधान b VL MEDIA. SOLUTIONS.c2024 a216